000 00891nam a2200301Ia 4500
001 1116
003 IT-RoPAU
008 130308s9999 xx 000 0 und d
040 _aIT-RoPAU
040 _cIT-RoPAU
041 _aFRANCESE
100 _aPaillè Andrè
100 _gCodice Aut. SPICS: 2969
245 _aQuelle technologie de l'audio-visuel enseigner?
245 _bAudio-Visuel et Les Medias a L'Ecole Elementaire (L')
250 _a1a ed.
260 _aPARIS
260 _bColin Armand
260 _c1981 [1° Ed.:1981 - Ed.Ling.Originale:1981]
300 _a"7 p. (prefazione: no ; testo: 7 [pagine: 132-138])"
500 _aTecnologie dell'audiovisivo Laboratorio fotografico montaggio Magnetico
650 _aPEDAGOGIA DELLA COMUNICAZIONE SOCIALE
650 _eCodice materia Spics: 3804
942 _cBK
957 _71
999 _c44071
_d44071
999 _bSI
999 _g1